000 02170nam a22004817a 4500
001 16724507
003 OSt
005 20210423062025.0
008 110404s2012 maua b 001 0 eng
010 _a 2011014355
016 7 _a101557809
_2DNLM
020 _a0763797510 (pbk.)
020 _a9780763797515 (pbk.)
035 _a(OCoLC)ocn711828860
040 _aDNLM/DLC
_cDLC
_dYDX
_dBTCTA
_dYDXCP
_dNLM
_dIXA
_dBWX
_dDLC
042 _apcc
050 0 0 _aRA441
_b.S56 2012
060 0 0 _a2011 J-806
060 1 0 _aWA 530.1
080 _a614
_bS-66
082 0 0 _a362.1
_223
100 1 _aSkolnik, Richard L.
245 1 0 _aGlobal health 101 /
_cRichard Skolnik.
250 _a2nd ed.
260 _aBurlington, MA :
_bJones & Bartlett Learning,
_cc2012.
300 _axxix, 434 p. :
_bill. ;
_c28 cm.
490 1 _aEssential public health
500 _aRev. ed. of: Essentials of global health. c2008.
504 _aIncludes bibliographical references and index.
505 0 _aThe principles and goals of global health -- Health determinants, measurements, and trends -- Health, education, poverty, and the economy -- Ethical and human rights concerns in global health -- An introduction to health systems -- Culture and health -- The environment and health -- Nutrition and global health -- Women's health -- Child health -- Communicable diseases -- Non-communicable diseases -- Unintentional injuries -- Natural disasters and complex humanitarian emergencies -- Working together to improve global health -- Science, technology, and global health -- Working in global health -- Profiles of global health actors.
650 0 _aWorld health.
650 0 _aPublic health
_zDeveloping countries.
650 0 _aPublic health
_xInternational cooperation.
650 1 2 _aWorld Health.
650 2 2 _aHealth Services Accessibility.
650 2 2 _aPublic Health.
653 _aჯანდაცვა
700 1 _aSkolnik, Richard L.
_tEssentials of global health.
830 0 _aEssential public health.
906 _a7
_bcbc
_corignew
_d1
_eecip
_f20
_gy-gencatlg
942 _2udc
_cBK
999 _c1584
_d1584